Your first home : the proven path to home ownership

Bibliographic Details
Main Author: Keller, Gary
Other Authors: Jenks, Dave, Papasan, Jay
Format: Book
Language:English
Published: The Stonesong Press , 2008
Subjects:

MARC

LEADER 00000cam a2200000 7i4500
001 0000020671
005 20090107.0
008 081110s a i eng
020 |a 9780071546218 
040 |a INS 
090 0 0 |a HD1379   |b K45 2008 
100 1 |a Keller, Gary 
245 1 0 |a Your first home :   |b the proven path to home ownership   |c Gary Keller,Dave Jenks and Jay Papasan 
260 |b The Stonesong Press ,   |c 2008 
300 |a xiv, 146p. :   |b ill. ;   |c 18cm. 
500 |a Includes index 
650 0 0 |a House buying 
700 1 |a Jenks, Dave 
700 1 |a Papasan, Jay 
999 |a 0000020247   |b BOOK   |c Open Shelf   |e Default branch